Scottish Parliament: local government committee - Scottish public sector ombudsman bill (Record no. 103358)

MARC details
000 -LEADER
fixed length control field 00700cam a2200229 4500
001 - CONTROL NUMBER
control field E116553
008 - FIXED-LENGTH DATA ELEMENTS--GENERAL INFORMATION
fixed length control field 020131n2002 000 0 eng u
035 ## - SYSTEM CONTROL NUMBER
System control number (Sirsi) u125149
041 ## - LANGUAGE CODE
Language code of text/sound track or separate title eng
110 ## - MAIN ENTRY--CORPORATE NAME
Corporate name or jurisdiction name as entry element Royal Institution of Chartered Surveyors
Subordinate unit Scotland
9 (RLIN) 3082
245 ## - TITLE STATEMENT
Title Scottish Parliament: local government committee - Scottish public sector ombudsman bill
260 ## - PUBLICATION, DISTRIBUTION, ETC.
Place of publication, distribution, etc. Edinburgh
Name of publisher, distributor, etc. RICS Scotland
Date of publication, distribution, etc. 2002
300 ## - PHYSICAL DESCRIPTION
Extent 2p. ; 30cm.
490 ## - SERIES STATEMENT
Series statement PPU/REPORT
Volume/sequential designation 02(01)
520 ## - SUMMARY, ETC.
Summary, etc. 8 January 2002. Response to the Scottish Parliament.
650 ## - SUBJECT ADDED ENTRY--TOPICAL TERM
Topical term or geographic name entry element OMBUDSMAN
650 ## - SUBJECT ADDED ENTRY--TOPICAL TERM
Topical term or geographic name entry element PPU REPORT
650 ## - SUBJECT ADDED ENTRY--TOPICAL TERM
Topical term or geographic name entry element PUBLIC SECTOR
650 ## - SUBJECT ADDED ENTRY--TOPICAL TERM
Topical term or geographic name entry element SCOTLAND
690 ## - LOCAL SUBJECT ADDED ENTRY--TOPICAL TERM (OCLC, RLIN)
Topical term or geographic name as entry element LOCAL GOVERNMENT
942 ## - ADDED ENTRY ELEMENTS (KOHA)
Suppress in OPAC 0

No items available.